[Event "Warsaw Najdorf Memorial op-B"]
[Site "Warsaw"]
[Date "2021.07.18"]
[Round "9"]
[White "Rutkowski, Piotr1111"]
[Black "Warcaba, Jakub"]
[Result "1-0"]
[WhiteElo "1688"]
[BlackElo "1735"]
[PlyCount "73"]
[EventDate "2021.07.10"]
[EventType "swiss"]
[EventRounds "9"]
[EventCountry "POL"]
[SourceTitle "EXT 2022"]
[Source "ChessBase"]
[SourceDate "2021.10.06"]
[SourceVersion "1"]
[SourceVersionDate "2021.10.06"]
[SourceQuality "1"]

1. e4 c5 2. Nf3 d6 3. d4 cxd4 4. Nxd4 Nf6 5. Nc3 a6 6. Bg5 e6 7. f4 h6 8. Bh4 Qb6 9. a3 Be7 10. Bf2 Qc7 11. Qf3 Nbd7 12. 0-0-0 b5 13. g4 g5 14. h4 gxf4 15. g5 Ne5 16. Qxf4 hxg5 17. hxg5 Rxh1 18. gxf6 Rxf1 19. Rxf1 Bf8 20. Rh1 Bb7 21. Rh7 Qc4 22. Qd2 Ng4 23. Rh8 Qf1+ 24. Nd1 Bxe4 25. Nxe6 fxe6 26. Qxd6 Kf7 27. Qc7+ Kg6 28. Qh7+ Kg5 29. Rg8+ Kxf6 30. Bh4+ Ke5 31. Bg3+ Kd5 32. Qd7+ Kc5 33. Rxg4 Bh6+ 34. Kb1 Bxc2+ 35. Kxc2 Qf5+ 36. Kb3 Qxg4 37. Bf2+ 1-0

[Event "Warsaw Najdorf Memorial op-B"]
[Site "Warsaw"]
[Date "2021.07.14"]
[Round "5"]
[White "Warcaba, Jakub"]
[Black "Ptaszynski, Szymon"]
[Result "0-1"]
[WhiteElo "1735"]
[BlackElo "1516"]
[PlyCount "142"]
[EventDate "2021.07.10"]
[EventType "swiss"]
[EventRounds "9"]
[EventCountry "POL"]
[SourceTitle "EXT 2022"]
[Source "ChessBase"]
[SourceDate "2021.10.06"]
[SourceVersion "1"]
[SourceVersionDate "2021.10.06"]
[SourceQuality "1"]

1. e4 c5 2. Nf3 a6 3. c3 e6 4. d4 d5 5. e5 Nc6 6. Be2 Qb6 7. 0-0 Bd7 8. dxc5 Bxc5 9. Nbd2 Qc7 10. Nb3 Bb6 11. Bf4 Nge7 12. Re1 h6 13. h4 Ng6 14. Bg3 Nge7 15. Bd3 0-0-0 16. Nbd4 Kb8 17. a4 Nxd4 18. cxd4 Ba5 19. Re2 Nc6 20. Rc2 Qb6 21. Bf1 Rc8 22. Rac1 Ne7 23. b4 Bxb4 24. a5 Qxa5 25. Ra1 Qb6 26. Rb2 a5 27. Qd3 Rc3 28. Qb1 Nc6 29. Bf4 Qc7 30. Bd2 Ra3 31. Rc2 Rxa1 32. Qxa1 Qb6 33. Qd1 Qd8 34. Bb5 Bxd2 35. Rxd2 Nb4 36. Qa4 Bxb5 37. Qxb5 b6 38. Rd1 Kb7 39. Rc1 Qe8 40. Qe2 Qd7 41. Ne1 Rc8 42. Rb1 Rc4 43. Qg4 g6 44. h5 gxh5 45. Qxh5 a4 46. Qxh6 a3 47. Qd2 a2 48. Ra1 Qa4 49. Qb2 b5 50. f3 Qa7 51. Rd1 Qa4 52. Ra1 Qa5 53. Kf2 Qd8 54. g3 Qc7 55. Ke3 Qd8 56. f4 Qg8 57. Kf3 Qg6 58. Rxa2 Qe4+ 59. Kg4 Qxe1 60. Ra5 Kb6 61. Qa3 Qc3 62. f5 Qxa3 63. Rxa3 Rxd4+ 64. Kg5 exf5 65. Kxf5 Nc6 66. g4 Re4 67. g5 Rxe5+ 68. Kf6 Re7 69. Rd3 Rd7 70. g6 fxg6 71. Ke6 Rd8 0-1

[Event "Warsaw Najdorf Memorial op-B"]
[Site "Warsaw"]
[Date "2021.07.11"]
[Round "2"]
[White "Jozwik, Michal"]
[Black "Warcaba, Jakub"]
[Result "1-0"]
[WhiteElo "1435"]
[BlackElo "1735"]
[PlyCount "53"]
[EventDate "2021.07.10"]
[EventType "swiss"]
[EventRounds "9"]
[EventCountry "POL"]
[SourceTitle "EXT 2022"]
[Source "ChessBase"]
[SourceDate "2021.10.06"]
[SourceVersion "1"]
[SourceVersionDate "2021.10.06"]
[SourceQuality "1"]

1. d4 Nf6 2. c4 e6 3. Nf3 b6 4. Bg5 Bb7 5. Nc3 Bb4 6. Rc1 h6 7. Bh4 g5 8. Bg3 Ne4 9. Nd2 Nxc3 10. bxc3 Be7 11. e4 d6 12. Bd3 Nd7 13. 0-0 e5 14. Qh5 Bf6 15. Nb3 Qe7 16. Rb1 Bg7 17. Na5 bxa5 18. Rxb7 Nb6 19. c5 dxc5 20. Bb5+ Kf8 21. dxe5 Bxe5 22. Bxe5 Qxe5 23. f4 Qe7 24. fxg5 Kg7 25. Rf6 c4 26. gxh6+ Kxf6 27. Qf5# 1-0

[Event "Marianske Lazne op 18th"]
[Site "Marianske Lazne"]
[Date "2019.01.19"]
[Round "1"]
[White "Warcaba, Jakub"]
[Black "Kushko, Dmitriy"]
[Result "0-1"]
[WhiteElo "1608"]
[BlackElo "2270"]
[PlyCount "62"]
[EventDate "2019.01.19"]
[EventType "swiss"]
[EventRounds "9"]
[EventCountry "CZE"]
[SourceTitle "CBM 188 Extra"]
[Source "ChessBase"]
[SourceDate "2019.02.26"]
[SourceVersion "1"]
[SourceVersionDate "2019.02.26"]
[SourceQuality "1"]

1. d4 d6 2. Nf3 Nf6 3. c4 g6 4. Nc3 Bg7 5. e4 0-0 6. Be2 e5 7. 0-0 Nc6 8. d5 Ne7 9. Ne1 Nd7 10. Nd3 f5 11. Bd2 Nf6 12. f3 c5 13. dxc6 Nxc6 14. Rc1 Nd4 15. Be3 Kh8 16. exf5 Nxf5 17. Bf2 Bh6 18. Rc2 Ne3 19. Bxe3 Bxe3+ 20. Kh1 Bf5 21. g4 Be6 22. Nb4 Rc8 23. Nbd5 Nxd5 24. Nxd5 Bd4 25. Qd3 b5 26. Qb3 bxc4 27. Bxc4 Rxc4 28. Qxc4 Qa8 29. Qxd4 exd4 30. Nc7 Qc8 31. Re2 Bd5 0-1